Central Library OPAC University of Rajshahi

Field hockey / (Record no. 16987)

MARC details
000 -LEADER
fixed length control field 00715nam a22002531 4500
001 - CONTROL NUMBER
control field 16987
003 - CONTROL NUMBER IDENTIFIER
rucl marc code BD-RjUL
005 - DATE AND TIME OF LATEST TRANSACTION
control field 20211209000055.0
008 - FIXED-LENGTH DATA ELEMENTS--GENERAL INFORMATION
fixed length control field 140216t1966 iaua 001 0 eng
035 ## - SYSTEM CONTROL NUMBER
System control number (BD-RjUL)17044
040 ## - CATALOGING SOURCE
Original cataloging agency DLC
Transcribing agency DLC
Modifying agency BD-RjUL
-- DLC
Language of cataloging eng
041 ## - LANGUAGE CODE
Language code of text/sound track or separate title eng
082 00 - DEWEY DECIMAL CLASSIFICATION NUMBER
Classification number 796.355
Author mark and year DEF 1966
100 1# - MAIN ENTRY--PERSONAL NAME
Personal name Delano, Anne Lee.
9 (RLIN) 52419
245 00 - TITLE STATEMENT
Title Field hockey /
Statement of responsibility, etc. Illustrated by Jean Putnam.
260 ## - PUBLICATION, DISTRIBUTION, ETC. (IMPRINT)
Place of publication, distribution, etc. Dubuque, Iowa :
Name of publisher, distributor, etc. W. C. Brown,
Date of publication, distribution, etc. c1966.
300 ## - PHYSICAL DESCRIPTION
Pagination vii, 68 p. :
Illustrations illus. ;
Size 23 cm.
490 0# - SERIES STATEMENT
Series statement Brown physical education activities series
504 ## - BIBLIOGRAPHY, ETC. NOTE
Bibliography, etc includes index.
650 #0 - SUBJECT ADDED ENTRY--TOPICAL TERM
Topical term or geographic name as entry element Field hockey.
9 (RLIN) 50552
942 ## - ADDED ENTRY ELEMENTS (KOHA)
Source of classification or shelving scheme Dewey Decimal Classification
Koha item type Books
Holdings
Lost status Source of classification or shelving scheme Damaged status Not for loan Collection code Permanent Location Current Location Shelving location Date acquired Source of acquisition Cost, normal purchase price Total Checkouts Full call number Date last seen Copy number Koha item type
  Dewey Decimal Classification   Not For Loan Non-fiction Central Library, University of Rajshahi Central Library, University of Rajshahi Reading Room 21/10/1970 Sweets & Zeitlinger 9.00   796.355 DEF 1966 16/02/2014 C-1 Books